000 00930nam a22002297a 4500
008 260627b mx ||||| |||| 00| 0 spa d
040 _aBPGM
_bSPA
041 _aSPA
_hSPA
082 0 4 _aCQ / 720.97245
_bB64
100 _aBOILS MORALES, GUILLERMO
_cAUTOR
245 _aARQUITECTURA Y SOCIEDAD EN QUERÉTARO
_b(SIGO XVIII)
260 _aMÉXICO
_bTALLERES GRÁFICOS DEL GOBIERNO DEL ESTADO
_c1994
300 _a225 PÁGINAS
_b27.1 CM X 21.3 CM
336 _2rdacontent
_atexto
_btxt
337 _2rdamedia
_asin mediación
_bn
338 _2rdacarrier
_avolumen
_bnc
505 _aEXPLORA CÓMO EL ESPLENDOR CONSTRUCTIVO DE LA CIUDAD REFLEJA LA PROFUNDA ESTRUCTURA DE CLASES, LA ECONOMÍA COLONIAL Y LA FUERTE INFLUENCIA DEL MESTIZAJE CULTURAL DURANTE LA ÉPOCA VIRREINAL.
650 _2LAS ARTES BELLAS ARTES Y ARTES DECORATIVAS
650 _2ARQUITECTURA
700 _aBOILS MORALES GUILLERMO
_eFOTOGRAFO
942 _2ddc
_cCOLQ
999 _c68686
_d68686